000 05552cam a22018254i 4500
003 PE-LiUPU
005 20250813165625.0
008 150625s2003 sp a rb 000 0 spa d
020 _a9788484761488
020 _a8484761487
035 _a(Sirsi) i9788484761488
040 _aPE-LiUPU
_bspa
_cPE-LiUPU
_erda
049 _aPRUA
082 0 4 _a631.4
_bP78
_221
100 1 _aPorta Casanellas, Jaime,
_eautor.
245 1 0 _aEdafología :
_bpara la agricultura y el medio ambiente /
_cJaime Porta Casanellas, Marta López-Acevedo Reguerín, Calos Roquero de Laburu.
250 _a3a. edición.
264 1 _aMadrid :
_bEdiciones Mundi-Prensa,
_c2003.
300 _a929 páginas :
_bilustraciones ;
_c24 centímetros
336 _atext
_2rdacontent
337 _aunmediated
_2rdamedia
338 _avolume
_2rdacarrier
504 _aIncluye bibliografía al final de cada capítulo.
504 _aÍndice: páginas 917-929.
505 0 _aEvolución histórica del conocimiento edafológico: síntesis -- El suelo como ente natural: organización -- Morfología y descripción de suelos -- Estudios de suelos en el laboratorio -- Cómo se denominan los suelos: elaboración de luna nomenclatura -- Textura del suelo -- Componentes inorgánicos del suelo -- Componentes orgánicos del suelo -- Reacciones de superficie: adsorción e intercambio iónico -- Acidez, basicidad y reacción del suelo -- Estructura del suelo y propiedades relacionadas -- Agua del suelo -- Propiedades hidrológicas del suelo: movimiento del agua -- Aireación del suelo -- Flujo de calor y temperatura del suelo -- Ecología del suelo -- Procesos formadores -- Factores formadores -- Soil taxonomy -- Base de referencia mundial para los recursos de suelos: world reference base (wrb) -- Cartografía de suelos y sistemas de información geográfica -- Usos y aplicaciones de la información de suelos -- Degradación de suelos por erosión hídrica: conservación de suelos y aguas -- Salinización y sodificación: suelos de regadío -- Degradación de la fertilidad física del suelo -- Degradación del territorio en zonas áridas -- Degradación de suelos y calidad ambiental -- Degradación de suelos en relación con prácticas agrícolas inadecuadas -- Degradación de suelos: áreas con actividades extractivas y mineras. Áreas periurbanas y urbanas.
526 _aP203
526 _aP200
526 _aSEG65
526 _aSEG64
526 _aSEG63
526 _aSEG62
526 _aSEG61
526 _aSEG60
526 _aSEG59
526 _aSEG58
526 _aSEG57
526 _aSEG56
526 _aSEG55
526 _aSEG54
526 _aSEG53
526 _aSEG52
526 _aSEG51
526 _aSEG50
526 _aSEG49
526 _aSEG48
526 _aSEG47
526 _aSEG46
526 _aSEG24
526 _aSEG23
526 _aSEG22
526 _aSEG21
526 _aSEG20
526 _aSEG19
526 _aSEG18
526 _aSEG17
526 _aSEG16
526 _aSEG14
526 _aSEG13
526 _aSEG12
526 _aSEG11
526 _aSEG10
526 _aSEG09
526 _aSEG06
526 _aSEG05
526 _aSEG04
526 _aSEG03
526 _aSEG02
526 _aSEG68
526 _aSEG66
526 _aSEG45
526 _aSEG25
526 _aSEG01
526 _aP163
526 _aP162
526 _aP161
526 _aP160
526 _aP159
526 _aP158
526 _aP157
526 _aP156
526 _aP155
526 _aP154
526 _aP153
526 _aP152
526 _aP151
526 _aP150
526 _aP149
526 _aP142
526 _aP141
526 _aP140
526 _aP139
526 _aP138
526 _aP137
526 _aP132
526 _aP131
526 _aP130
526 _aP126
526 _aP125
526 _aP124
526 _aP123
526 _aP115
526 _aP122
526 _aP121
526 _aP116
526 _a P114
526 _aP112
526 _aP111
526 _aP104
526 _aP103
526 _aP102
526 _aP101
526 _aP100
526 _aP96
526 _aP95
526 _aP93
526 _aP92
526 _aP91
526 _aP88
526 _aP83
526 _aP82
526 _aP79
526 _aP78
526 _aP75
526 _aP74
526 _aP71
526 _aP69
526 _a P51
526 _aP49
526 _aP48
526 _aP47
526 _aP33
526 _aP31
526 _a P30
526 _aP29
526 _aP27
526 _aP26
526 _aP25
526 _aP24
526 _a P22
526 _aP10
526 _aP09
526 _a P08
526 _aP06
526 _aP05
526 _aP04
526 _aP01
541 _g001-021496;
650 0 4 _aEdafología.
910 _adbm
_bncf
_cncf
_d20190424
942 _2ddc
_cBOOK
949 _a631.4 P78
_wDEWEY
_c1
_i53697
_d2016-11-25
_e2016-11-22
_lCCODEBUL1
_mBUL
_n9
_p64.00
_r0
_sY
_tBOOK
_u2015-6-25
_xINGENIERIA
_zUNKNOWN
_0COMPRA
_o.STAFF. Colección Ingeniería y Arquitectura
994 _aC0
_bPEPRU
596 _a1
999 _a631.4 P78
_wDEWEY
_c43831
_i53697
_d43831
_e2018-10-23
_f2021-11-9
_g8
_lCCODEBUL1
_mBUL
_n15
_p64.00
_q1
_r0
_sY
_tBOOK
_u2015-6-25
_xINGENIERIA
_PP24
_0COMPRA
_o.STAFF. Colección Ingeniería y Arquitectura
980 _81
_gALBERTO SANCHEZ Responsable de Automatización